Tafsir Sura-I Wal Asr : / تفسیر سورہ والعصر + تفسير سورۂ کافرون (Record no. 26216)

MARC details
000 -LEADER
fixed length control field 00625nam a22001937a 4500
003 - CONTROL NUMBER IDENTIFIER
control field BDDh-ASL
005 - DATE AND TIME OF LATEST TRANSACTION
control field 20231015030621.0
008 - FIXED-LENGTH DATA ELEMENTS--GENERAL INFORMATION
fixed length control field 211005s1938 i ||||| |||| 00| 0 u d
040 ## - CATALOGING SOURCE
Original cataloging agency BDDh-ASL
Transcribing agency BDDh-ASL
082 ## - DEWEY DECIMAL CLASSIFICATION NUMBER
Classification number 297.54
Item number FAT
100 1# - MAIN ENTRY--PERSONAL NAME
9 (RLIN) 4704
Personal name Farahi, Mawalana Hamiduddin
245 10 - TITLE STATEMENT
Title Tafsir Sura-I Wal Asr : / تفسیر سورہ والعصر + تفسير سورۂ کافرون
246 ## - VARYING FORM OF TITLE
Title proper/short title Tafsir Sura-I Wal Asr
260 ## - PUBLICATION, DISTRIBUTION, ETC.
Place of publication, distribution, etc. Sarai Meer :
Name of publisher, distributor, etc. Islah Press ,
Date of publication, distribution, etc. 1354 H/ 1938.
300 ## - PHYSICAL DESCRIPTION
Extent 114 p. :
Dimensions 18 cm.
505 ## - FORMATTED CONTENTS NOTE
Formatted contents note Two Distinct Books Bound Together
650 #0 - SUBJECT ADDED ENTRY--TOPICAL TERM
9 (RLIN) 4705
Topical term or geographic name entry element Tafsir
942 ## - ADDED ENTRY ELEMENTS (KOHA)
Source of classification or shelving scheme Dewey Decimal Classification
Koha item type Books
Holdings
Withdrawn status Lost status Source of classification or shelving scheme Damaged status Not for loan Collection code Home library Current library Shelving location Date acquired Source of acquisition Serial Enumeration / chronology Total Checkouts Full call number Barcode Date last seen Copy number Price effective from Koha item type
    Dewey Decimal Classification     Non-fiction Asiatic Society Library Asiatic Society Library General Stacks 10/05/2021 ASB Library Collection U-0097   297.54 FAT 112215 10/05/2021 C-1 10/05/2021 Books

Powered by Koha